[Event "Stay Safe Play From Home 355"]
[Site "Emanuel Lasker Arena"]
[Date "2020.08.04"]
[Round "2"]
[White "Lamborghini"]
[Black "AChessPlayer"]
[Result "1/2-1/2"]
[WhiteElo "2221"]
[BlackElo "2440"]
[Annotator "TA"]
[PlyCount "140"]
[EventDate "2020.08.04"]
[EventType "swiss (blitz)"]

{[%evp 17,140,16,30,25,47,27,30,10,10,0,14,11,41,12,47,47,47,65,45,7,26,21,52,18,9,12,17,20,30,14,12,-14,2,-2,17,0,80,68,64,0,0,0,3,4,31,31,28,15,15,16,16,0,0,0,0,0,0,0,34,29,34,0,0,0,0,0,0,0,0,0,0,0,0,0,0,0,65,65,65,72,88,61,61,59,61,59,60,60,60,37,37,32,37,32,37,32,37,0,17,-8,-8,-8,-8,-8,29981,-8,-8,-8,-8,-8,0,0,0,0,0,0,0,0,0,0,0,0,0,0,0]} 1. e4 c6 2. d4 d5 3. Nc3 dxe4 4. Nxe4 Nf6 5. Nxf6+ exf6 6. Bc4 Bd6 7. Qe2+ Qe7 8. Qxe7+ Kxe7 9. Ne2 Be6 10. Bd3 {B15: Caro-Kann: 3 Nc3: 3...g6 and 3...dxe4 4 Nxe4 Nf6 5 Nxf6+ exf6.} Nd7 {[#]} 11. b3 $146 ({Predecessor:} 11. Bf4 Rhe8 12. O-O-O Nb6 13. Rhe1 Nd5 14. Bxd6+ Kxd6 15. Be4 h6 16. b3 b5 17. Bxd5 Bxd5 {1-0 (50) Abdusattorov,N (2608)-Piorun,K (2643) Douglas 2019}) 11... Rhe8 12. O-O {White has an edge.} Kf8 13. Bb2 ({Of course not} 13. Bxh7 g6 $17) 13... Kg8 14. c4 b6 15. h3 g6 16. Rfd1 Nf8 17. Kf1 f5 18. Rd2 h5 19. Rad1 Rad8 20. Bc2 Bb4 21. Rd3 Nh7 22. Bc1 Kg7 23. f3 Nf6 24. Bf4 Be7 25. Be5 Kg8 26. Nc3 {d5 is the strong threat.} Bc8 {[#]} (26... Rc8 $11) 27. d5 $1 $16 {[%cal Rd5d6]} cxd5 $1 28. Nxd5 (28. Bxf6 $1 $14 Bxf6 29. Nxd5) 28... Nxd5 $11 29. Rxd5 Be6 30. Rxd8 Rxd8 (30... Bxd8 {with more complications.} 31. Rd3 Be7 32. f4 f6 33. Bc3 h4) 31. Rxd8+ Bxd8 {[%mdl 4096] Endgame KBB-KBB} 32. Bb8 a5 33. Ke2 Kf8 34. Bd6+ Ke8 35. Bd3 Kd7 36. Bf4 g5 37. Be3 f4 38. Bf2 Kc6 39. a3 Be7 40. a4 Bc5 {aiming for ...Bxf2.} 41. Be4+ Kd6 {And now ...Bxf2 would win.} 42. Be1 f5 43. Bd3 Bd4 44. Kd2 Kc5 45. Kc2 g4 46. Bd2 Bd7 (46... Be5 $11) 47. Bxf4 $14 gxf3 48. gxf3 Bc6 49. Bxf5 {Threatens to win with Be4.} (49. Be2 {is interesting.} Bf2 50. Bg5 h4 51. Kd3 Bb7 52. Be7+) 49... Bxf3 50. Bg5 Kd6 51. Bd8 Ke5 52. Bg6 Kf4 53. h4 Kg3 54. Bg5 Bg4 55. Be8 Kh3 56. Bd8 Bf2 57. c5 bxc5 58. Kc3 Bxh4 59. Bxh4 Kxh4 {[#]} 60. Bxh5 $1 $11 {[%mdl 512] KB-KB} Kg3 $2 {[%mdl 8192]} (60... Kxh5 $11 61. Kc4 Kh4) (60... Bxh5 61. Kc4) 61. Kc4 $2 (61. Bxg4 {mates} Kxg4 62. Kc4 Kf4 63. Kxc5 Ke5 64. Kb5 Kd4 65. Kxa5 Ke5 66. b4) 61... Bxh5 {The position is equal.} 62. Kxc5 {KB-KPP} Bd1 63. b4 Bxa4 64. bxa5 {KB-KP} Bd1 65. Kb6 Bf3 66. a6 Kf4 67. a7 Bg2 68. Kc7 Bf3 69. Kb8 Bg2 70. a8=Q Bxa8 {Accuracy: White = 79%, Black = 84%.} 1/2-1/2

[Event "Stay Safe Play From Home 355"]
[Site "Emanuel Lasker Arena"]
[Date "2020.08.04"]
[Round "2"]
[White "TheCHESSHOUSE"]
[Black "Rogan"]
[Result "0-1"]
[WhiteElo "2127"]
[BlackElo "2234"]
[Annotator "TA"]
[PlyCount "30"]
[EventDate "2020.08.04"]
[EventType "swiss (blitz)"]

{[%evp 12,29,17,-4,0,-6,2,0,2,0,0,5,0,5,7,-9,-10,-6,0,-29999]} 1. d4 d5 2. c4 c6 3. cxd5 cxd5 4. Nc3 Nf6 5. Nf3 Bg4 6. e3 Nc6 7. Be2 e6 {D13: Slav Defence: Exchange variation without ...Bf5.} 8. O-O {[#]} Bb4 $146 ({Predecessor:} 8... Rc8 9. Ne5 Nxe5 10. dxe5 Bxe2 11. Qxe2 Nd7 12. f4 Bc5 13. Bd2 O-O 14. Rf3 Nb6 15. Raf1 {1-0 (64) De Nisi,R (1812)-Renzi,M (1936) Arco 2019}) 9. h3 Bxf3 {The position is equal.} 10. Bxf3 O-O 11. Bd2 Rc8 12. a3 Ba5 13. b4 Bc7 14. Rc1 Qd6 {[%csl Gc7][%cal Rd6h2]} 15. Qe2 $2 {[%mdl 8192] [#]} (15. g3 $11) 15... Qh2# {Accuracy: White = 86%, Black = 100%.} 0-1

[Event "Stay Safe Play From Home 355"]
[Site "Emanuel Lasker Arena"]
[Date "2020.08.04"]
[Round "2"]
[White "Fischer_11"]
[Black "Little champs"]
[Result "1/2-1/2"]
[WhiteElo "2124"]
[BlackElo "2209"]
[Annotator "NA RC"]
[PlyCount "117"]
[EventDate "2020.08.04"]
[EventType "swiss (blitz)"]

1. e4 {[%emt 0:00:02]} c6 {[%emt 0:00:00]} 2. d4 {[%emt 0:00:02]} d5 {[%emt 0:00:00]} 3. exd5 {[%emt 0:00:00]} cxd5 {[%emt 0:00:01]} 4. c4 {[%emt 0:00:00]} Nf6 {[%emt 0:00:00]} 5. Nf3 {[%emt 0:00:01]} dxc4 {[%emt 0:00:00]} 6. Bxc4 {[%emt 0:00:01]} e6 {[%emt 0:00:00]} 7. Nc3 {[%emt 0:00:01]} Be7 {[%emt 0:00:00]} 8. d5 {[%emt 0:00:01]} exd5 {[%emt 0:00:02]} 9. Nxd5 {[%emt 0:00:00]} Nxd5 {[%emt 0:00:01]} 10. Qxd5 {[%emt 0:00:00]} Qxd5 {[%emt 0:00:01]} 11. Bxd5 {[%emt 0:00:00]} O-O {[%emt 0:00:00]} 12. O-O {[%emt 0:00:01]} Rd8 {[%emt 0:00:00]} 13. Bb3 {[%emt 0:00:01]} Nc6 {[%emt 0:00:01]} 14. Re1 {[%emt 0:00:01]} Bf8 {[%emt 0:00:01]} 15. Bg5 {[%emt 0:00:01]} Rd6 {[%emt 0:00:09]} 16. Re8 {[%emt 0:00:04]} b6 {[%emt 0:00:06]} 17. Rc1 {[%emt 0:00:05]} Bb7 {[%emt 0:00:01]} 18. Rxa8 {[%emt 0:00:01]} Bxa8 {[%emt 0:00:01]} 19. Bf4 {[%emt 0:00:03]} Rd8 {[%emt 0:00:03]} 20. h3 {[%emt 0:00:03]} h6 {[%emt 0:00:01]} 21. a3 {[%emt 0:00:01]} Na5 {[%emt 0:00:01]} 22. Ba2 {[%emt 0:00:03]} g5 {[%emt 0:00:01]} 23. Be3 {[%emt 0:00:01]} Bd5 {[%emt 0:00:01]} 24. Bxd5 {[%emt 0:00:02]} Rxd5 {[%emt 0:00:01]} 25. Rc7 {[%emt 0:00:00]} a6 {[%emt 0:00:08]} 26. Bxb6 {[%emt 0:00:04]} Bd6 {[%emt 0:00:02]} 27. Bxa5 {[%emt 0:00:02]} Bxc7 {[%emt 0:00:01]} 28. Bxc7 {[%emt 0:00:00]} Rd1+ {[%emt 0:00:01]} 29. Kh2 {[%emt 0:00:01]} Rb1 {[%emt 0:00:00]} 30. Be5 {[%emt 0:00:01]} Kh7 {[%emt 0:00:01]} 31. Bc3 {[%emt 0:00:00]} Kg6 {[%emt 0:00:00]} 32. Ne5+ {[%emt 0:00:01]} Kf5 {[%emt 0:00:00]} 33. Nxf7 {[%emt 0:00:01]} Ke4 {[%emt 0:00:00]} 34. Nxh6 {[%emt 0:00:01]} Kd3 {[%emt 0:00:00]} 35. Nf7 {[%emt 0:00:01]} Ke2 {[%emt 0:00:00]} 36. Nxg5 {[%emt 0:00:01]} Kxf2 {[%emt 0:00:01]} 37. h4 {[%emt 0:00:00]} Rd1 {[%emt 0:00:06]} 38. h5 {[%emt 0:00:01]} Rd5 {[%emt 0:00:00]} 39. Bf6 {[%emt 0:00:06]} Rf5 {[%emt 0:00:01]} 40. Bd8 {[%emt 0:00:02]} Rf8 {[%emt 0:00:01]} 41. Kh3 {[%emt 0:00:01]} Rxd8 {[%emt 0:00:01]} 42. g4 {[%emt 0:00:00]} Rd3+ {[%emt 0:00:01]} 43. Kh4 {[%emt 0:00:00]} Kg2 {[%emt 0:00:00]} 44. Ne6 {[%emt 0:00:02]} Rh3+ {[%emt 0:00:01]} 45. Kg5 {[%emt 0:00:00]} Rg3 {[%emt 0:00:00]} 46. h6 {[%emt 0:00:00]} Kf3 {[%emt 0:00:01]} 47. Nf4 {[%emt 0:00:00]} Rxg4+ {[%emt 0:00:00]} 48. Kf5 {[%emt 0:00:01]} Rxf4+ {[%emt 0:00:00]} 49. Kg6 {[%emt 0:00:00]} Rh4 {[%emt 0:00:00]} 50. h7 {[%emt 0:00:00]} Ke4 {[%emt 0:00:00]} 51. Kg7 {[%emt 0:00:00]} Rxh7+ {[%emt 0:00:00]} 52. Kxh7 {[%emt 0:00:01]} Kd3 {[%emt 0:00:00]} 53. b4 {[%emt 0:00:00]} Kc4 {[%emt 0:00:01]} 54. a4 {[%emt 0:00:00]} Kxb4 {[%emt 0:00:00]} 55. Kg6 {[%emt 0:00:00]} Kxa4 {[%emt 0:00:00]} 56. Kf5 {[%emt 0:00:00]} Kb3 {[%emt 0:00:00]} 57. Ke4 {[%emt 0:00:00]} a5 {[%emt 0:00:00]} 58. Kd3 {[%emt 0:00:00]} a4 {[%emt 0:00:00]} 59. Kd2 {[%emt 0:00:00] Time Time Time Time Time (Lag: Av=0.64s, max=1.0s) (Lag: Av=0.64s, max=1.0s) (Lag: Av=0.64s, max=1.0s) (Lag: Av=0.64s, max=1.0s) (Lag: Av=0.64s, max=1.0s)} 1/2-1/2

[Event "Stay Safe Play From Home 355"]
[Site "Emanuel Lasker Arena"]
[Date "2020.08.04"]
[Round "2"]
[White "Padmaesh M K"]
[Black "Ao017545"]
[Result "0-1"]
[WhiteElo "1837"]
[BlackElo "1666"]
[Annotator "NA RC"]
[PlyCount "72"]
[EventDate "2020.08.04"]
[EventType "swiss (blitz)"]

1. Nf3 {[%emt 0:00:02]} e6 {[%emt 0:00:01]} 2. d4 {[%emt 0:00:00]} Nf6 {[%emt 0:00:00]} 3. e3 {[%emt 0:00:01]} Bb4+ {[%emt 0:00:00]} 4. Nbd2 {[%emt 0:00:03]} Ne4 {[%emt 0:00:03]} 5. Bd3 {[%emt 0:00:01]} f5 {[%emt 0:00:03]} 6. Bxe4 {[%emt 0:00:02]} fxe4 {[%emt 0:00:02]} 7. Ne5 {[%emt 0:00:00]} d5 {[%emt 0:00:01]} 8. Qh5+ {[%emt 0:00:02]} Ke7 {[%emt 0:00:00]} 9. Qf7+ {[%emt 0:00:04]} Kd6 {[%emt 0:00:00]} 10. c4 {[%emt 0:00:02]} dxc4 {[%emt 0:00:00]} 11. Nexc4+ {[%emt 0:00:04]} Kd5 {[%emt 0:00:00]} 12. b3 {[%emt 0:00:07]} Nc6 {[%emt 0:00:05]} 13. Qh5+ {[%emt 0:00:03]} e5 {[%emt 0:00:03]} 14. Nxe5 {[%emt 0:00:01]} Nxe5 {[%emt 0:00:05]} 15. Qxe5+ {[%emt 0:00:00]} Kc6 {[%emt 0:00:02]} 16. a3 {[%emt 0:00:03]} Bxd2+ {[%emt 0:00:00]} 17. Bxd2 {[%emt 0:00:01]} Kd7 {[%emt 0:00:02]} 18. d5 {[%emt 0:00:03]} Qf6 {[%emt 0:00:01]} 19. Qxe4 {[%emt 0:00:04]} Qxa1+ {[%emt 0:00:02]} 20. Ke2 {[%emt 0:00:01]} Qxh1 {[%emt 0:00:01]} 21. Qg4+ {[%emt 0:00:00]} Kd8 {[%emt 0:00:02]} 22. Qg5+ {[%emt 0:00:02]} Ke8 {[%emt 0:00:02]} 23. Qe5+ {[%emt 0:00:01]} Kf7 {[%emt 0:00:02]} 24. Qf4+ {[%emt 0:00:02]} Ke7 {[%emt 0:00:03]} 25. Bb4+ {[%emt 0:00:01]} c5 {[%emt 0:00:02]} 26. Bxc5+ {[%emt 0:00:02]} Ke8 {[%emt 0:00:00]} 27. Qd6 {[%emt 0:00:01]} Kf7 {[%emt 0:00:01]} 28. Qe7+ {[%emt 0:00:01]} Kg6 {[%emt 0:00:00]} 29. Qd6+ {[%emt 0:00:01]} Be6 {[%emt 0:00:02]} 30. Qxe6+ {[%emt 0:00:01]} Kg5 {[%emt 0:00:00]} 31. Qe5+ {[%emt 0:00:01]} Kg6 {[%emt 0:00:01]} 32. Qe6+ {[%emt 0:00:00]} Kh5 {[%emt 0:00:01]} 33. f4 {[%emt 0:00:00]} Qe1+ {[%emt 0:00:02]} 34. Kd3 {[%emt 0:00:00]} Qd1+ {[%emt 0:00:02]} 35. Ke4 {[%emt 0:00:01]} Qd4+ {[%emt 0:00:00]} 36. Kf3 {[%emt 0:00:00]} Qe4+ {[%emt 0:00:01] Time Time Time Time Time (Lag: Av=0.71s, max=1.3s) (Lag: Av=0.71s, max=1.3s) (Lag: Av=0.71s, max=1.3s) (Lag: Av=0.71s, max=1.3s) (Lag: Av=0.71s, max=1.3s)} 0-1

[Event "Stay Safe Play From Home 355"]
[Site "Emanuel Lasker Arena"]
[Date "2020.08.04"]
[Round "2"]
[White "Trotsky"]
[Black "Cirovicz"]
[Result "0-1"]
[WhiteElo "1630"]
[BlackElo "1834"]
[Annotator "NA RC"]
[PlyCount "72"]
[EventDate "2020.08.04"]
[EventType "swiss (blitz)"]

1. d4 {[%emt 0:00:01]} e6 {[%emt 0:00:01]} 2. e3 {[%emt 0:00:00]} Nf6 {[%emt 0:00:01]} 3. c4 {[%emt 0:00:01]} c5 {[%emt 0:00:01]} 4. Nc3 {[%emt 0:00:01]} cxd4 {[%emt 0:00:01]} 5. exd4 {[%emt 0:00:02]} d5 {[%emt 0:00:01]} 6. Be3 {[%emt 0:00:01]} Bb4 {[%emt 0:00:01]} 7. Qd2 {[%emt 0:00:02]} Bxc3 {[%emt 0:00:01]} 8. bxc3 {[%emt 0:00:01]} dxc4 {[%emt 0:00:00]} 9. Bxc4 {[%emt 0:00:01]} O-O {[%emt 0:00:01]} 10. Qc2 {[%emt 0:00:01]} Nc6 {[%emt 0:00:01]} 11. O-O-O {[%emt 0:00:01]} Nd5 {[%emt 0:00:01]} 12. Nf3 {[%emt 0:00:01]} a6 {[%emt 0:00:01]} 13. h4 {[%emt 0:00:01]} b5 {[%emt 0:00:01]} 14. Bd3 {[%emt 0:00:02]} h6 {[%emt 0:00:02]} 15. Ng5 {[%emt 0:00:01]} b4 {[%emt 0:00:07]} 16. Bh7+ {[%emt 0:00:01]} Kh8 {[%emt 0:00:01]} 17. Bg8 {[%emt 0:00:01]} g6 {[%emt 0:00:03]} 18. Bxf7 {[%emt 0:00:02]} Qf6 {[%emt 0:00:04]} 19. Bxg6 {[%emt 0:00:05]} Nxc3 {[%emt 0:00:03]} 20. d5 {[%emt 0:00:04]} exd5 {[%emt 0:00:03]} 21. Bd4 {[%emt 0:00:02]} Nxd4 {[%emt 0:00:02]} 22. Rxd4 {[%emt 0:00:02]} Qxd4 {[%emt 0:00:02]} 23. Bf7 {[%emt 0:00:09]} Qf4+ {[%emt 0:00:02]} 24. Kb2 {[%emt 0:00:02]} Rxf7 {[%emt 0:00:01]} 25. Qg6 {[%emt 0:00:02]} Qf6 {[%emt 0:00:05]} 26. Nxf7+ {[%emt 0:00:02]} Qxf7 {[%emt 0:00:01]} 27. Qxf7 {[%emt 0:00:01]} Bg4 {[%emt 0:00:01]} 28. Qf6+ {[%emt 0:00:01]} Kh7 {[%emt 0:00:01]} 29. f3 {[%emt 0:00:01]} Bh5 {[%emt 0:00:01]} 30. g4 {[%emt 0:00:01]} Bg6 {[%emt 0:00:01]} 31. g5 {[%emt 0:00:01]} h5 {[%emt 0:00:01]} 32. f4 {[%emt 0:00:01]} Re8 {[%emt 0:00:01]} 33. f5 {[%emt 0:00:01]} Re2+ {[%emt 0:00:01]} 34. Kb3 {[%emt 0:00:01]} Be8 {[%emt 0:00:02]} 35. Qh6+ {[%emt 0:00:03]} Kg8 {[%emt 0:00:02]} 36. g6 {[%emt 0:00:01]} Rb2+ {[%emt 0:00:01] Âðåìÿ Âðåìÿ Âðåìÿ Âðåìÿ Âðåìÿ (Lag: Av=0.65s, max=1.1s) (Lag: Av=0.65s, max=1.1s) (Lag: Av=0.65s, max=1.1s) (Lag: Av=0.65s, max=1.1s) (Lag: Av=0.65s, max=1.1s)} 0-1

[Event "Stay Safe Play From Home 355"]
[Site "Emanuel Lasker Arena"]
[Date "2020.08.04"]
[Round "3"]
[White "AChessPlayer"]
[Black "Fischer_11"]
[Result "1-0"]
[WhiteElo "2431"]
[BlackElo "2128"]
[Annotator "NA RC"]
[PlyCount "97"]
[EventDate "2020.08.04"]
[EventType "swiss (blitz)"]

1. Nf3 {[%emt 0:00:01]} Nf6 {[%emt 0:00:02]} 2. g3 {[%emt 0:00:00]} e6 {[%emt 0:00:00]} 3. Bg2 {[%emt 0:00:00]} d5 {[%emt 0:00:00]} 4. O-O {[%emt 0:00:00]} Be7 {[%emt 0:00:00]} 5. d3 {[%emt 0:00:00]} O-O {[%emt 0:00:00]} 6. Nbd2 {[%emt 0:00:00]} Nbd7 {[%emt 0:00:00]} 7. e4 {[%emt 0:00:00]} c6 {[%emt 0:00:00]} 8. e5 {[%emt 0:00:01]} Ne8 {[%emt 0:00:01]} 9. Re1 {[%emt 0:00:01]} f6 {[%emt 0:00:00]} 10. d4 {[%emt 0:00:01]} fxe5 {[%emt 0:00:01]} 11. Nxe5 {[%emt 0:00:02]} Bd6 {[%emt 0:00:02]} 12. Ndf3 {[%emt 0:00:01]} Qc7 {[%emt 0:00:06]} 13. Bf4 {[%emt 0:00:02]} Nef6 {[%emt 0:00:02]} 14. Nd3 {[%emt 0:00:04]} Bxf4 {[%emt 0:00:02]} 15. Nxf4 {[%emt 0:00:00]} Ne4 {[%emt 0:00:01]} 16. Nxe6 {[%emt 0:00:01]} Qd6 {[%emt 0:00:02]} 17. Nxf8 {[%emt 0:00:01]} Kxf8 {[%emt 0:00:00]} 18. Ne5 {[%emt 0:00:03]} Nxe5 {[%emt 0:00:06]} 19. dxe5 {[%emt 0:00:01]} Qc7 {[%emt 0:00:01]} 20. Bxe4 {[%emt 0:00:00]} dxe4 {[%emt 0:00:01]} 21. Rxe4 {[%emt 0:00:01]} Be6 {[%emt 0:00:02]} 22. Qd6+ {[%emt 0:00:02]} Qe7 {[%emt 0:00:04]} 23. Rf4+ {[%emt 0:00:02]} Ke8 {[%emt 0:00:01]} 24. Rd1 {[%emt 0:00:02]} Rd8 {[%emt 0:00:02]} 25. Qxd8+ {[%emt 0:00:02]} Qxd8 {[%emt 0:00:00]} 26. Rxd8+ {[%emt 0:00:01]} Kxd8 {[%emt 0:00:00]} 27. Rf8+ {[%emt 0:00:00]} Kd7 {[%emt 0:00:02]} 28. Rb8 {[%emt 0:00:01]} Kc7 {[%emt 0:00:04]} 29. Rh8 {[%emt 0:00:00]} Bf5 {[%emt 0:00:02]} 30. Rg8 {[%emt 0:00:01]} g6 {[%emt 0:00:02]} 31. Rg7+ {[%emt 0:00:00]} Kb6 {[%emt 0:00:02]} 32. f3 {[%emt 0:00:00]} Bxc2 {[%emt 0:00:01]} 33. g4 {[%emt 0:00:00]} h5 {[%emt 0:00:01]} 34. e6 {[%emt 0:00:01]} hxg4 {[%emt 0:00:04]} 35. e7 {[%emt 0:00:01]} gxf3 {[%emt 0:00:01]} 36. e8=Q {[%emt 0:00:00]} f2+ {[%emt 0:00:01]} 37. Kxf2 {[%emt 0:00:00]} a6 {[%emt 0:00:00]} 38. Qd8+ {[%emt 0:00:00]} Kb5 {[%emt 0:00:00]} 39. Rc7 {[%emt 0:00:01]} b6 {[%emt 0:00:00]} 40. Rb7 {[%emt 0:00:02]} Be4 {[%emt 0:00:01]} 41. Qxb6+ {[%emt 0:00:00]} Kc4 {[%emt 0:00:00]} 42. Qb4+ {[%emt 0:00:01]} Kd5 {[%emt 0:00:01]} 43. Rd7+ {[%emt 0:00:00]} Ke5 {[%emt 0:00:01]} 44. Qd4+ {[%emt 0:00:00]} Ke6 {[%emt 0:00:01]} 45. Qd6+ {[%emt 0:00:00]} Kf5 {[%emt 0:00:01]} 46. Rf7+ {[%emt 0:00:00]} Kg5 {[%emt 0:00:01]} 47. Qg3+ {[%emt 0:00:00]} Kh6 {[%emt 0:00:01]} 48. Qh3+ {[%emt 0:00:00]} Kg5 {[%emt 0:00:01]} 49. Kg3 {[%emt 0:00:01] Zeit Zeit Zeit Zeit Zeit (Lag: Av=0.47s, max=1.0s) (Lag: Av=0.47s, max=1.0s) (Lag: Av=0.47s, max=1.0s) (Lag: Av=0.47s, max=1.0s) (Lag: Av=0.47s, max=1.0s)} 1-0

[Event "Stay Safe Play From Home 355"]
[Site "Emanuel Lasker Arena"]
[Date "2020.08.04"]
[Round "3"]
[White "Rogan"]
[Black "NTBT_DHS"]
[Result "0-1"]
[WhiteElo "2246"]
[BlackElo "2546"]
[Annotator "TA"]
[PlyCount "54"]
[EventDate "2020.08.04"]
[EventType "swiss (blitz)"]

{[%evp 9,53,7,39,32,57,22,21,11,47,32,50,27,36,27,29,29,112,116,111,116,116,116,110,56,174,14,60,22,42,47,60,0,0,-106,-100,-951,-915,-1394,-1356,-1347,-1268,-5135,-5135,-29998,-29999,-29999]} 1. d4 g6 2. c3 Bg7 3. Bg5 Nf6 4. e3 h6 5. Bh4 g5 6. Bg3 {[#] A45: Trompowsky Attack.} Ne4 $146 ({Predecessor:} 6... d6 7. Nd2 Bf5 8. Qb3 b6 9. Ngf3 Nc6 10. Bb5 Bd7 11. Qa4 Qc8 12. Bxc6 Bxc6 13. Qxc6+ {1-0 (65) Florentin,D (1661)-Monteggia,I Asuncion 2015}) 7. Bd3 Nxg3 8. hxg3 {The position is equal.} d6 9. Nd2 c5 10. Ngf3 Nc6 11. Qc2 $36 {[%mdl 2048] White is more active.} cxd4 12. exd4 e5 (12... d5 $11 {keeps the balance.}) 13. dxe5 $1 $16 Nxe5 14. Nxe5 dxe5 15. O-O-O O-O 16. Nf3 ({White should play} 16. Nc4 $16 {Hoping for Bh7+.} Qe7 17. Ne3) 16... Qb6 {[#]} (16... Qf6 $14) 17. Rhe1 $2 ({White should try} 17. Nxg5 $1 $18 {[%mdl 512] aiming for Bc4!} Rd8 (17... hxg5 18. Bh7+) 18. Qb3) 17... Bg4 18. Re4 f5 19. Rb4 Qf6 {Black wants to play ...e4.} 20. Qb3+ (20. Be2 $14) 20... Kh8 $11 {...e4 is the strong threat.} 21. Rxb7 (21. Rxg4 $11 {remains equal.} fxg4 22. Qxb7) 21... e4 $17 22. Bxe4 $2 {[%mdl 8192] Loses the game.} (22. Be2 $17 exf3 23. gxf3) 22... fxe4 $19 23. Nd4 Bxd1 24. Qxd1 Qxf2 {[%mdl 64] Double Attack} 25. Qh5 Rab8 26. Rxg7 Qxb2+ {[%mdl 64] Double Attack} 27. Kd1 Rf1# {Accuracy: White = 40%, Black = 60%.} 0-1

[Event "Stay Safe Play From Home 355"]
[Site "Emanuel Lasker Arena"]
[Date "2020.08.04"]
[Round "3"]
[White "Little champs"]
[Black "Lamborghini"]
[Result "0-1"]
[WhiteElo "2205"]
[BlackElo "2230"]
[Annotator "TA"]
[PlyCount "98"]
[EventDate "2020.08.04"]
[EventType "swiss (blitz)"]

{[%evp 9,98,0,2,5,32,-9,-10,-42,-23,-69,-80,-104,-82,-125,-82,-145,-137,-173,-121,-138,-140,-177,-174,-186,-139,-159,-143,-147,-106,-125,-124,-127,-139,-140,-127,-197,-169,-191,-105,-127,-89,-93,-87,-110,-85,-135,-125,-174,-172,-167,-143,-231,-221,-293,-245,-287,-186,-241,-204,-333,-336,-335,-220,-202,-162,-427,-337,-376,-190,-422,-416,-377,-377,-338,-290,-1006,-871,-844,-821,-29990,-29991,-29992,-29993,-29994,-29995,-29995,-29996,-29996,-29995,-29997,-29998]} 1. d4 Nf6 2. e3 g6 3. Nf3 Bg7 4. g3 O-O 5. Bg2 d6 6. O-O {A48: 1 d4 Nf6 2 Nf3 g6: Torre, London and Colle Systems.} Nc6 {[#]} 7. a3 $146 ({Predecessor:} 7. Nbd2 e5 8. Nb3 e4 9. Nfd2 Bg4 10. f3 exf3 11. Nxf3 Re8 12. Qd3 Bf5 13. Qc3 {0-1 (28) Flew,B (1617)-Webster,R (2262) ICCF email 2017}) 7... e5 8. Nbd2 {The position is equal.} Re8 9. c3 e4 10. Ne1 d5 11. Qc2 Ne7 $36 {[%mdl 2048] Black has strong initiative.} 12. c4 (12. f3 $142) 12... c6 $17 13. b4 Bf5 (13... h5 $19 14. Bb2 Bg4) 14. Bb2 h5 15. Nb3 Rc8 16. Rc1 Nh7 17. Qd2 Ng5 18. h4 Ne6 19. cxd5 cxd5 20. Nc5 b6 21. Nxe6 Bxe6 22. Nc2 (22. Rxc8 $17 Nxc8 23. Bh1) 22... Qd7 23. Na1 Qa4 (23... Bg4 $19 24. Nb3 Qa4) 24. Rfe1 Bd7 25. Bf1 Nf5 {[%cal Be7f5,Bf5d6,Bd6c4][%mdl 32]} 26. Be2 Nd6 27. Bd1 Qb5 28. Bb3 Nc4 29. Qe2 Qc6 30. Rc2 (30. Bxc4 $17 dxc4 31. Nb3) 30... b5 $19 31. Rec1 Qe6 32. Bxc4 dxc4 ({Weaker is} 32... Rxc4 33. Nb3 $15) 33. Bc3 (33. d5 {might work better.} Qxd5 34. Bxg7) 33... Qd5 34. Rd2 (34. a4 $142) 34... Bg4 35. Qf1 Bf3 36. Nc2 g5 37. hxg5 $2 {[#]} (37. Qh3) 37... Qxg5 38. Ne1 Rc6 (38... h4 $142 39. Qh3 hxg3 40. Nxf3 exf3 41. Qxg3 Qxg3+ 42. fxg3 Bh6) 39. Nxf3 $2 (39. Qh3 {only move.}) 39... exf3 40. d5 Rg6 41. Bxg7 h4 42. Bh6 $2 (42. Bd4 hxg3 43. Qh3 gxf2+ 44. Kxf2 Qg2+ 45. Qxg2 Rxg2+ 46. Kxf3 Rxd2 47. Rg1+ Kh7 48. Rg7+ Kh6 49. Rxf7) 42... Qxh6 43. Qh3 Re4 (43... Rxg3+ $2 44. fxg3 Qxe3+ 45. Rf2 $19) 44. Rd4 Rxd4 {Black mates.} 45. exd4 Qxc1+ {[%mdl 64] Double Attack} 46. Kh2 hxg3+ 47. fxg3 {[#]} Rh6 $1 48. Qxh6 Qxh6+ 49. Kg1 Qd2 {Accuracy: White = 37%, Black = 63%.} 0-1